| 000 | 00496nam a2200121Ia 4500 | ||
|---|---|---|---|
| 008 | 220620s9999||||xx |||||||||||||| ||und|| | ||
| 245 | 0 |
_aDisseminating Jewish Literatures _bKnowledge, Research, Curricula |
|
| 546 | _aEnglish[eng] | ||
| 650 | _aEducation||Jewish literature||multilingualism | ||
| 700 | _aZepp, Susanne||Shahar, Galili||Fine, Ruth||Olk, Claudia||Gordinsky, Natasha||Konuk, Kader | ||
| 856 | _uhttps://library.oapen.org/bitstream/20.500.12657/46686/1/9783110619003.pdf | ||
| 942 | _cEB | ||
| 999 |
_c22242 _d22242 |
||